Nejlepší střelci české fotbalové ligy - Statistics

General Stats
  • This quiz has been taken 55 times
  • The average score is 10 of 30
Answer Stats
Počet gólů Hráč % Correct
198 David Lafata
89%
133 Horst Siegl
58%
82 Pavel Horváth
53%
104 Milan Škoda
50%
92 Luděk Zelenka
47%
100 Jan Chramosta
45%
71 Jan Kuchta
45%
82 Vratislav Lokvenc
45%
125 Libor Došek
42%
78 Tomáš Došek
42%
99 Jakub Řezníček
37%
78 Stanislav Tecl
37%
77 Daniel Kolář
34%
64 Jiří Štajner
32%
67 Marek Bakoš
32%
88 Marek Kulič
32%
80 Jan Nezmar
29%
87 Martin Doležal
29%
75 Pavel Verbíř
29%
67 Richard Dostálek
26%
70 Rudolf Otepka
26%
94 Stanislav Vlček
24%
66 Jean-David Beauguel
21%
77 Radim Holub
21%
70 Aidin Mahmutovič
18%
67 Marek Kincl
18%
74 Tomáš Wágner
18%
68 Vítězslav Tuma
18%
63 Karel Piták
16%
68 Václav Jurečka
13%
No matching quizzes found
Score Distribution
Percent of People with Each Score
Percentile by Number Answered
Your Score History
You have not taken this quiz